000 01134nam a2200265Ia 4500
003 OSt
005 20220923211311.0
006 a|||||r|||| 00| 0
007 ta
008 220922b |||||||| |||| 00| 0 hin d
020 _a9788179756331 (hbk)
_c450
024 _a285,338
037 _b26, 02/02/2015, P. K. Books
_cTextual
040 _aARTS
_cARTS
_bhin
041 _2hin
_ahin
082 _aWxM71, 152Q4
100 _aबेनीपुरी, श्रीरामवृक्ष; बेनीपुरी, महेन्द्र, संपा.
_9160196
245 0 _aरोजा लग्जमबर्ग
_b एक जीवनी
246 _aRojā lagjamabarga: ek jīvanī
260 _aनई दिल्ली
_b अनामिका पब्लिर्शस
_c2014
300 _a176पृ.
_ccm.
650 _aभारतीय राजनीति
_9156264
942 _hWxM71, 152Q4
_cTEXL
_2CC
999 _c298255
_d298255